| 000 | 00819nam a2200265 a 4500 | ||
|---|---|---|---|
| 001 | 992 | ||
| 003 | BR-CuiBMT | ||
| 005 | 20231124213651.0 | ||
| 008 | 231124s2010 spb 000 0 por d | ||
| 020 | _a9788520335796 | ||
| 040 |
_aBR-CuiBMT _cBR-CuiBMT |
||
| 080 |
_22007 _a341.1/.8 |
||
| 090 |
_a341.1/.8 _bM478c _c4. ed. |
||
| 100 | 1 |
_aMazzuoli, Valério de Oliveira, _d1977- |
|
| 245 |
_aCurso de direito internacional público / _cValério de Oliveira Mazzuoli. |
||
| 250 | _a4. ed. rev., atual. e ampl. | ||
| 260 |
_aSão Paulo : _bRevista dos Tribunais, _c2010. |
||
| 300 |
_a990 p.: _c24 cm |
||
| 504 | _aInclui bibliografia. | ||
| 650 | _aDireito internacional público | ||
| 650 | _aConflito Internacional | ||
| 650 | _aDireito dos Tratados | ||
| 650 | _aOrganização Internacional | ||
| 942 |
_2udc _cLV |
||
| 999 |
_c992 _d992 |
||